000 00387nam a2200157 i 4500
001 bg
245 0 _aCDS/ISIS - wersja mini-mikro :
_bdokumentacja użytkowa.
260 _aWarszawa,
_c1988.
490 1 _aPrace IINTE ;
_vnr 68
830 _aPrace IINTE ;
040 _cBPK
041 _apol
080 _a002.5:681.322.06
942 _cKS
008 s pl f |000 0 pol
999 _c28585
_d28585
856 _uhttp://koha.tu.koszalin.pl/cgi-bin/koha/opac-detail.pl?biblionumber=28585
_yKatalog online BPK